Cestovný ruch v rozvojových krajinách Afriky
Súčasný stav cestovného ruchu v Afrike so zameraním na perspektívy a rozvoj cestovného ruchu v rozvojových krajinách. Charakteristika súčasného stavu cestovného ruchu v rozvojových krajinách, identifikácia efektov cestovného ruchu a návrh možností ďalšieho rozvoja.
Gespeichert in:
| 1. Verfasser: | |
|---|---|
| Weitere Verfasser: | |
| Format: | Buchkapitel |
| Sprache: | Slowakisch |
| Schlagworte: | |
| Tags: |
Keine Tags, Fügen Sie das erste Tag hinzu!
|
MARC
| LEADER | 00000naa a2200000 4500 | ||
|---|---|---|---|
| 001 | 0298609 | ||
| 005 | 20240417075300.0 | ||
| 041 | 0 | |a slo | |
| 044 | |a SK | ||
| 245 | 1 | 0 | |a Cestovný ruch v rozvojových krajinách Afriky |c Zuzana Gajdošíková, Dávid Siládi |
| 520 | |a Súčasný stav cestovného ruchu v Afrike so zameraním na perspektívy a rozvoj cestovného ruchu v rozvojových krajinách. Charakteristika súčasného stavu cestovného ruchu v rozvojových krajinách, identifikácia efektov cestovného ruchu a návrh možností ďalšieho rozvoja. | ||
| 610 | 2 | 0 | |a Afrika |
| 610 | 2 | 0 | |a krajiny rozvojové |
| 610 | 2 | 0 | |a ruch cestovný |
| 610 | 2 | 0 | |a regióny |
| 610 | 2 | 0 | |a rozvoj hospodársky |
| 610 | 2 | 0 | |a udržateľnosť |
| 610 | 2 | 0 | |a vývoj |
| 610 | 2 | 0 | |a vývoj hospodársky |
| 610 | 2 | 0 | |a vývoj regionálny |
| 100 | 1 | |a Gajdošíková, Zuzana | |
| 700 | 1 | |a Siládi, Dávid | |